El cardenal de Belén
Salvato in:
| Autore principale: | |
|---|---|
| Natura: | Libro |
| Lingua: | spagnolo |
| Pubblicazione: |
Zaragoza
Ebro
1970
|
| Edizione: | 3a. ed |
| Serie: | Biblioteca Clásica Ebro. Clásicos Españoles, 91
|
| Soggetti: | |
| Tags: |
Aggiungi Tag
Nessun Tag, puoi essere il primo ad aggiungerne!!
|
MARC
| LEADER | 00000nam a2200000 a 4500 | ||
|---|---|---|---|
| 001 | UCQ6122 | ||
| 003 | CL-VaPUC | ||
| 008 | 981009e19700000SP |||||||||||||||||spa|d | ||
| 082 | 0 | 4 | |a 862 |b VEG |2 21 |
| 100 | 0 | |a Vega, Lope de |e author |9 319628 | |
| 245 | 1 | 3 | |a El cardenal de Belén |
| 250 | |a 3a. ed | ||
| 300 | |a 134 p | ||
| 942 | |c BK | ||
| 945 | |d 19981009 00:00:00 |a crobeson | ||
| 260 | |a Zaragoza |b Ebro |c 1970 | ||
| 650 | 0 | |a Dramas españoles |9 267081 | |
| 650 | 0 | |a Literatura española |9 306261 | |
| 583 | |a last modification |c 19981009 00:00:00 |k Rodrigo Vera | ||
| 490 | 0 | |a Biblioteca Clásica Ebro. Clásicos Españoles, 91 | |
| 999 | |c 276124 |d 276122 | ||
| 952 | |0 0 |1 0 |4 0 |6 862_000000000000000_VEG_1970 |7 0 |8 A |9 313256 |a BIBEDU |b BIBEDU |d 2019-11-20 |i 1476076 |l 1 |o 862 VEG 1970 |p 1476076 |r 2023-11-22 |s 2023-11-22 |w 2019-11-20 |y BK |k LIT | ||